000 003280000a22001450004500
003 MACL
040 _aMACL
090 _c7171
_d7170
100 _aRanganathananda, Swami
245 _aThe Charm and Power of The Upnishads
260 _bThe Ramakrishna Mission
_c1966
350 _a0.50
650 _aReligion
942 _cBOOK
_k294
999 _c7124
_d7124